000 00282nam a22000857a 4500
008 150421b xxu||||| |||| 00| 0 eng d
020 _a97893-81269-90-9
_cAvailable
245 _aIntroduction to System Modeling and Simulation
_cPrasad K.S Nandini
260 _aBangalore
_bFillip Learning
_c2012
999 _c24781
_d24781